00371 2200145 4500001002100000005001500021035002000036245004300056100002600099300002400125260003000149082001000179084001600189990002000205INLIS00000000000089420220822113353 a0010-08220000861 aPUTRI SALJU :bDONGENG PENGANTAR TIDUR0 aYUDHISTIRA IKRANEGARA a32 :bilus ;c19 cm aSurabaya :bCAHAYA AGENCY a398.2 a398.2 YUD p a3150/BBTIV/2021